|
|
|
|
| LEADER |
00000nlm0a2200000 4500 |
| 001 |
316175 |
| 005 |
20231102002841.0 |
| 035 |
|
|
|a (RuTPU)RU\TPU\book\341613
|
| 035 |
|
|
|a RU\TPU\book\341593
|
| 090 |
|
|
|a 316175
|
| 100 |
|
|
|a 20160315d2010 k y0engy50 ba
|
| 101 |
0 |
|
|a eng
|
| 102 |
|
|
|a NL
|
| 105 |
|
|
|a a z 001zy
|
| 135 |
|
|
|a drcn ---uucaa
|
| 200 |
1 |
|
|a Multimodal Signal Processing
|b Electronic resource
|e Theory and Applications for Human–Computer Interaction
|f eds. Jean-Philippe Thiran, Ferran Marques, Herve Bourlard
|
| 203 |
|
|
|a Text
|c electronic
|
| 210 |
|
|
|a Amsterdam
|c Elsevier
|d 2010
|
| 230 |
|
|
|a 1 компьютерный файл (pdf; 3.6 Mb)
|
| 300 |
|
|
|a Заглавие с титульного экрана
|
| 333 |
|
|
|a Режим доступа: из корпоративной сети ТПУ
|
| 337 |
|
|
|a Adobe Reader
|
| 606 |
1 |
|
|a Обучающие машины
|2 stltpush
|3 (RuTPU)RU\TPU\subj\46633
|9 65751
|
| 610 |
1 |
|
|a электронный ресурс
|
| 610 |
1 |
|
|a мультимодальная обработка
|
| 610 |
1 |
|
|a сигналы
|
| 610 |
1 |
|
|a человеко-машинные взаимодействия
|
| 610 |
1 |
|
|a машинное обучение
|
| 675 |
|
|
|a 681.39
|v 3
|
| 702 |
|
0 |
|a Jean-Philippe Thiran
|4 340
|
| 702 |
|
0 |
|a Ferran Marques
|4 340
|
| 702 |
|
0 |
|a Herve Bourlard
|4 340
|
| 801 |
|
1 |
|a RU
|b 63413507
|c 20131216
|
| 801 |
|
2 |
|a RU
|b 63413507
|c 20160620
|g RCR
|
| 856 |
4 |
|
|u http://www.lib.tpu.ru/fulltext2/m/2016/science_book/Miltimodal%20Signal%20Processing.pdf
|
| 942 |
|
|
|c CF
|